000 00400nam a2200169Ia 4500
001 23060
003 IN-NITTTR
005 20251114233259.0
008 251113s9999||||xx |||||||||||||| ||eng||
040 _beng
040 _cIN-NITTTR
041 _aeng
082 _a382.7 B47W
100 _aBijlani, Subhash K
245 0 _aWhat does Gatt meant for India? /
_cBijlani, Subhash K
942 _2ddc
_cBK
999 _c25689
_d25689